00919nam a22002657a 45000010005000000030006000050050017000110080041000280200017000690400029000860500008001150820016001231000016001392450088001552600058002433000058003014900026003595050008003855200118003935210029005115210020005406500031005606500029005917000033006207033FISKH20250619100157.0250619b cb ||||| |||| 00| 0 eng d a033500002090 aFISKHbengcFISKHdFISKH a394 aPZ7.L5868 L aLewis, Jean aThe little golden book of holidays /cBy Jean Lewis : Illustrated by Kathy Wilburn  aNew York :bWestern Publishing Company, Inc. ,c1985. a24 unnumbered pages :bcolor illustrations ;c20 cm . aA little golden book  aJ  aFrom New Year's Day to Christmas, June enjoys preparing for and celebrating all the holidays throughout the year.8 a500 bLexile estimate 8 aJ bRaz-Plus  aHolidaysvJuvenile Fiction aSeasonvJuvenile Fiction aWilburn, KathyeIllustrator